| 000 | 00415nam a22001697a 4500 | ||
|---|---|---|---|
| 999 |
_c2354 _d2353 |
||
| 005 | 20210807143414.0 | ||
| 008 | 160601b xxu||||| |||| 00| 0 eng d | ||
| 020 | _a81-203-1056-X | ||
| 041 | _aeng | ||
| 082 |
_b6760 _a658.403 |
||
| 100 |
_aEdwards, Chris & others _91052 |
||
| 245 | _aThe essence of Information System | ||
| 260 |
_aNew Delhi _bPHI, |
||
| 300 | _a205 | ||
| 650 |
_aManagement _9241 |
||
| 942 | _cBK | ||